000 00799nam a2200229Ia 4500
001 9711
003 GE_BSU
008 181216s||||||||xx |||||||||||||| ||und||
040 _cGE_BSU
080 _a821.353.1–32+821.353.1-1
100 _aმიწიშვილი,ნ.
245 _aრჩეული
245 _bპროზა და პოეზია
245 _cშ.აფხაიძის შესავ.წერილი.რედ.შ.აფხაიძე..მხატვ.ირ.ჯანაშვილი
260 _aთბილისი
260 _bსაბჭ.მწერალი
260 _c1958
300 _a274გვ.1ფ.პორტრ.21სმ.
653 _aპროზა და პოეზია
653 _aრჩეული
942 _cBK
999 _c42994
_d42994